Comparative Evaluation of efficacy of 980 nm Diode laser combined with Periodontal plus ABTM/Metrohex plus gel/curenext oral gel as an adjunct to subgingival instrumentation in the treatment of Periodontitis (Record no. 32071)

MARC details
000 -LEADER
fixed length control field 00487nam a22001337a 4500
003 - CONTROL NUMBER IDENTIFIER
control field SGT
082 ## - DEWEY DECIMAL CLASSIFICATION NUMBER
Classification number 617.632
Item number C25G
100 ## - MAIN ENTRY--PERSONAL NAME
Personal name Godara, Eshika
245 ## - TITLE STATEMENT
Title Comparative Evaluation of efficacy of 980 nm Diode laser combined with Periodontal plus ABTM/Metrohex plus gel/curenext oral gel as an adjunct to subgingival instrumentation in the treatment of Periodontitis
260 ## - PUBLICATION, DISTRIBUTION, ETC. (IMPRINT)
Place of publication, distribution, etc Gurugram, Haryana
Name of publisher, distributor, etc SGT University
Year of Publication 2025
300 ## - PAGE DESCRIPTION
No. of Pages 87
650 ## - SUBJECT ADDED ENTRY--TOPICAL TERM
Topical term or geographic name as entry element Periodontology
942 ## - ADDED ENTRY ELEMENTS (KOHA)
Source of classification or shelving scheme Dewey Decimal Classification
Koha item type Thesis/Dissertation
Holdings
Withdrawn status Lost status Source of classification or shelving scheme Damaged status Use restrictions Not for loan Home library Current library Date acquired SGTU Total Checkouts Full call number Accession No. (Barcode) Date last seen Bill Date Koha item type
    Dewey Decimal Classification   Restricted Access Not For Loan SGT Dental Library SGT Dental Library 08/07/2025 SGTU   617.632 C25G DT2273 08/07/2025 08/07/2025 Thesis/Dissertation